<?xml version="1.0" encoding="UTF-8"?>
<record
    xmlns:xsi="http://www.w3.org/2001/XMLSchema-instance"
    xsi:schemaLocation="http://www.loc.gov/MARC21/slim http://www.loc.gov/standards/marcxml/schema/MARC21slim.xsd"
    xmlns="http://www.loc.gov/MARC21/slim">

  <leader>00909nam a2200241   4500</leader>
  <controlfield tag="001">114610</controlfield>
  <controlfield tag="003">DR-UNIBE</controlfield>
  <controlfield tag="005">20260511101847.0</controlfield>
  <controlfield tag="008">260429b2000    nq ||||| |||| 00| 0 spa d</controlfield>
  <datafield tag="040" ind1=" " ind2=" ">
    <subfield code="a">BIBLIOTECA UNIBE</subfield>
    <subfield code="c">BIBLIOTECA UNIBE</subfield>
    <subfield code="b">spa</subfield>
    <subfield code="e">rda</subfield>
  </datafield>
  <datafield tag="041" ind1=" " ind2=" ">
    <subfield code="a">spa</subfield>
  </datafield>
  <datafield tag="082" ind1=" " ind2=" ">
    <subfield code="a">F 5831</subfield>
  </datafield>
  <datafield tag="110" ind1="1" ind2="0">
    <subfield code="a"> Nicaragua. Corte Centroamericana de Justicia</subfield>
    <subfield code="9">195211</subfield>
    <subfield code="e">autor</subfield>
  </datafield>
  <datafield tag="245" ind1="1" ind2="0">
    <subfield code="a">Adenda al libro  : La Corte de Managua : </subfield>
    <subfield code="b">defensa de su institucionalidad</subfield>
  </datafield>
  <datafield tag="260" ind1=" " ind2=" ">
    <subfield code="a">Managua :</subfield>
    <subfield code="b">Corte Centroamericana de Justicia, </subfield>
    <subfield code="c">2000</subfield>
  </datafield>
  <datafield tag="300" ind1=" " ind2=" ">
    <subfield code="a">Paginaci&#xF3;n varias</subfield>
  </datafield>
  <datafield tag="650" ind1=" " ind2="7">
    <subfield code="2">lemb</subfield>
    <subfield code="a">Tribunal de Managua</subfield>
    <subfield code="9">204738</subfield>
  </datafield>
  <datafield tag="650" ind1=" " ind2="7">
    <subfield code="2">lemb</subfield>
    <subfield code="a">Ordemamiento jur&#xED;dico</subfield>
    <subfield code="z">Am&#xE9;rica Central</subfield>
    <subfield code="9">204739</subfield>
  </datafield>
  <datafield tag="650" ind1=" " ind2="7">
    <subfield code="2">lemb</subfield>
    <subfield code="a">Administraci&#xF3;n de justicia</subfield>
    <subfield code="z">Am&#xE9;rica Central</subfield>
    <subfield code="9">204740</subfield>
  </datafield>
  <datafield tag="651" ind1=" " ind2=" ">
    <subfield code="a">Am&#xE9;rica Central</subfield>
    <subfield code="x">Integraci&#xF3;n</subfield>
    <subfield code="9">195214</subfield>
  </datafield>
  <datafield tag="776" ind1="1" ind2="8">
    <subfield code="t">La Corte de Managua : defensa de su institucionalidad</subfield>
    <subfield code="w">113595</subfield>
  </datafield>
  <datafield tag="942" ind1=" " ind2=" ">
    <subfield code="2">ddc</subfield>
    <subfield code="c">MX</subfield>
  </datafield>
  <datafield tag="999" ind1=" " ind2=" ">
    <subfield code="c">114610</subfield>
    <subfield code="d">114610</subfield>
  </datafield>
  <datafield tag="952" ind1=" " ind2=" ">
    <subfield code="0">0</subfield>
    <subfield code="1">0</subfield>
    <subfield code="2">ddc</subfield>
    <subfield code="7">0</subfield>
    <subfield code="8">FOL</subfield>
    <subfield code="a">Principal</subfield>
    <subfield code="d">2026-01-01</subfield>
    <subfield code="l">0</subfield>
    <subfield code="o">F 5831</subfield>
    <subfield code="p">F250079</subfield>
    <subfield code="r">2026-05-11 10:16:56</subfield>
    <subfield code="t">Ej. 1</subfield>
    <subfield code="w">2026-05-11</subfield>
    <subfield code="y">MX</subfield>
  </datafield>
</record>
